Φιλοσοφία και μουσική : η μουσική στους Πυθαγορείους, τον Πλάτωνα, τον Αριστοτέλη και τον Πλωτίνο

Αποθηκεύτηκε σε:
Λεπτομέρειες βιβλιογραφικής εγγραφής
Κύριος συγγραφέας: Καϊμάκης, Παύλος
Μορφή: Βιβλίο
Γλώσσα:Greek
Δημοσίευση: Αθήνα : Μεταίχμιο, 2005.
Θέματα:
Ετικέτες: Προσθήκη ετικέτας
Δεν υπάρχουν, Καταχωρήστε ετικέτα πρώτοι!

MARC

LEADER 00000cam a2200000 i 4500
001 1/90565
008 080704s2005 gr | ||| |||| ||gre||
020 |a 9603757934 
035 |l 10098742 
040 |a GR-MyUA  |b gre  |e AACR2 
041 0 |a gre 
082 0 |a 781.17  |2 (22) 
100 1 |a Καϊμάκης, Παύλος. 
245 1 0 |a Φιλοσοφία και μουσική :   |b η μουσική στους Πυθαγορείους, τον Πλάτωνα, τον Αριστοτέλη και τον Πλωτίνο /   |c Παύλος Καϊμάκης.  
260 |a Αθήνα :   |b Μεταίχμιο,   |c 2005.  
300 |a 166 σ. ;   |c 24 εκ.  
504 |a Περιέχει βιβλιογραφικές παραπομπές και ευρετήριο.  
650 0 0 |a Music  |x Philosophy and aesthetics. 
650 0 0 |a Music, Greek and Roman. 
650 0 0 |a Philosophy, Ancient. 
852 |a INST  |b SAMOS  |e 20080704  |h 781.17 ΚΑΙ  |p 005300030237  |q 005300030237  |t BK  |y 0 
901 |a BIBL3-2008-2 
909 |a Σ  |b 141605 
922 |a 3ΕΛΗ  |b 200711  |c ΕΠΕΑΕΚ2/ΤΜΗΜΑ ΜΑΘΗΜΑΤΙΚΩΝ  |d ΠΑΤΑΚΗΣ 
970 |a ΡΟΥΣΣΟΥ  |b ΚΩΝΣΤΑΝΤΙΝΑ  |z 2008/07/04